00497nam a2200193 a 4500001001300000003000900013005001700022008004100039020002300080082001500103100002000118245003400138260004300172300001000215500003500225505001000260650001300270700002000283nice12345678IN_TiNIC20260116014100.0140525s2011 oxfa grp 000 0 eng  a9781851687121c39500a305.4bSCH aScholz, Sally J aFeminismb A Beginner`s Guide aOxford bOne World Publications c2011 a203p  aincludes index and biblioraphy2 aindex aFeminism1 aScholz, Sally J